000 00378 a2200169 4500
001 49320
020 _a8526243497
040 _cAnchieta - Bela Vista
100 _aCaruso, Aristides
240 1 0 _aO vírus desinformático
_lpor
245 1 0 _aO vírus desinformático
300 _a48
362 0 _a2001
440 1 _aScipione
650 4 _aLiteratura juvenil
942 _cBK
999 _c49320
_d49320